Kontury wszystkich państw świata (Bardzo Trudne +) - Statystyki

Ogólne statystyki
  • Ten quiz został rozwiązany 89 razy
    56 od ostatniego zresetowania
  • Średni wynik to 79 z 301
Statystyki odpowiedzi
Obrazkowy Odpowiedź % Poprawnych
Norwegia
58%
Somalia
58%
Wietnam
58%
Indie
55%
Libia
55%
Niemcy
55%
Polska
55%
Wielka brytania
55%
Włochy
55%
Białoruś
53%
Chiny
53%
Cypr
53%
Dania
53%
Egipt
53%
Madagaskar
53%
Meksyk
53%
Szwecja
53%
Turcja
53%
Australia
50%
Brazylia
50%
Chile
50%
Chorwacja
50%
Etiopia
50%
Filipiny
50%
Islandia
50%
Litwa
50%
Rosja
50%
Stany Zjednoczone
50%
Albania
48%
Algieria
48%
Argentyna
48%
Austria
48%
Finlandia
48%
Francja
48%
Grecja
48%
Indonezja
48%
Irlandia
48%
Izrael
48%
Japonia
48%
Kazachstan
48%
Laos
48%
Mołdawia
48%
Słowacja
48%
Tajlandia
48%
Ukraina
48%
Watykan
48%
Węgry
48%
Angola
45%
Czechy
45%
Grenlandia
45%
Hiszpania
45%
Iran
45%
Kanada
45%
Kosowo
45%
Mali
45%
Maroko
45%
Mongolia
45%
Niger
45%
Panama
45%
Papua-Nowa Gwinea
45%
Republika Południowej Afryki
45%
Rumunia
45%
Senegal
45%
Sudan
45%
Szwajcaria
45%
Tunezja
45%
Uzbekistan
45%
Arabia Saudyjska
43%
Bangladesz
43%
Benin
43%
Czad
43%
Demokratyczna Republika Konga
43%
Erytrea
43%
Estonia
43%
Gruzja
43%
Holandia
43%
Jordania
43%
Kolumbia
43%
Korea Południowa
43%
Mjanma
43%
Mozambik
43%
Namibia
43%
Nepal
43%
Serbia
43%
Słowenia
43%
Sri Lanka
43%
Syria
43%
Afganistan
40%
Bułgaria
40%
Gujana
40%
Irak
40%
Kamerun
40%
Kongo
40%
Kuba
40%
Łotwa
40%
Malezja
40%
Mauretania
40%
Nigeria
40%
Nowa Zelandia
40%
Pakistan
40%
Paragwaj
40%
Peru
40%
Sudan Południowy
40%
Turkmenistan
40%
Armenia
38%
Boliwia
38%
Gambia
38%
Haiti
38%
Jemen
38%
Kenia
38%
Korea Północna
38%
Liechtenstein
38%
Macedonia Północna
38%
Oman
38%
Republika Środkowoafrykańska
38%
Tajwan
38%
Tanzania
38%
Wenezuela
38%
Zambia
38%
Azerbejdżan
35%
Bośnia i Hercegowina
35%
Czarnogóra
35%
Ekwador
35%
Ghana
35%
Gwinea Równikowa
35%
Jamajka
35%
Kambodża
35%
Luksemburg
35%
Malawi
35%
Malta
35%
Monako
35%
Wybrzeże Kości Słoniowej
35%
Zimbabwe
35%
Zjednoczone Emiraty Arabskie
35%
Anglia
33%
Belgia
33%
Belize
33%
Gwatemala
33%
Gwinea
33%
Hawaje
33%
Kirgistan
33%
Kostaryka
33%
Kuwejt
33%
Liberia
33%
Malediwy
33%
Sahara Zachodnia
33%
Tadżykistan
33%
Togo
33%
Bahamy
30%
Burkina Faso
30%
Dominikana
30%
Gabon
30%
Gwinea Bissau
30%
Portugalia
30%
Botswana
28%
Brunei
28%
Burundi
28%
Dżibuti
28%
Katar
28%
Surinam
28%
Timor Wschodni
28%
Uganda
28%
Barbados
25%
Liban
25%
Nikaragua
25%
Sierra Leone
25%
Singapur
25%
Sycylia
25%
Trynidad i Tobago
25%
Andora
23%
Bhutan
23%
Lesotho
23%
Nauru
23%
Republika Zielonego Przylądka
23%
San Marino
23%
Vanuatu
23%
Cypr Północny
20%
Eswatini
20%
Honduras
20%
Saint Kitts i Nevis
20%
Salwador
20%
Szkocja
20%
Wyspy Salomona
20%
Bahrajn
18%
Fidżi
18%
Urugwaj
18%
Grenada
15%
Gujana Francuska
15%
Komory
15%
Palestyna
15%
Portoryko
15%
Saint Vincent i Grenadyny
15%
Samoa
15%
Wyspa Bożego Narodzenia
15%
Wyspy Owcze
15%
Antigua i Barbuda
13%
Rwanda
13%
Saint Lucia
13%
Sardynia
13%
Svalbard
13%
Wyspy Marshalla
13%
Bawaria
10%
Dominika
10%
Hokkaido
10%
Kiribati
10%
Seszele
10%
Somaliland
10%
Walia
10%
Wyspy Świętego Tomasza i Książęca
10%
Bermudy
8%
Falklandy
8%
Gibraltar
8%
Hong kong
8%
Makau
8%
Naddniestrze
8%
Nowa Kaledonia
8%
Okinawa
8%
Palau
8%
Tokelau
8%
Tonga
8%
Wyspy Dziewicze Stanów Zjednoczonych
8%
Wyspy Kokosowe
8%
Brytyjskie Terytorium Oceanu Indyjskiego
5%
Gwadelupa
5%
Mariany Północne
5%
Martynika
5%
Mauritius
5%
Mikronezja
5%
Pitcairn
5%
Zanzibar
5%
Abchazja
3%
Adygeja
3%
Adżaria
3%
Ałtaj
3%
Anguilla
3%
Aruba
3%
Baszkortostan
3%
Bonaire
3%
Brytyjskie Wyspy Dziewicze
3%
Buriacja
3%
Chakasja
3%
Curaçao
3%
Czeczenia
3%
Czuwaszja
3%
Dagestan
3%
Dolina Aosty
3%
Francuskie Terytoria Południowe i Antarktyczne
3%
Friuli-Wenecja Julijska
3%
Gagauzja
3%
Górski badachszan
3%
Guam
3%
Guernsey
3%
Inguszetia
3%
Irlandia Północna
3%
Jakucja
3%
Jersey
3%
Kabardo-Bałkaria
3%
Kajmany
3%
Kałmucja
3%
Karaczajo-Czerkiesja
3%
Karakałpacja
3%
Karelia
3%
Katalonia
3%
Komi
3%
Kraj Basków
3%
Kurdystan
3%
Majotta
3%
Mari El
3%
Montserrat
3%
Mordowia
3%
Niue
3%
Norfolk
3%
Oksytania
3%
Osetia Północna
3%
Osetia Południowa
3%
Polinezja Francuska
3%
Reunion
3%
Saba
3%
Saint-Barthélemy
3%
Saint-Martin
3%
Saint-Pierre i Miquelon
3%
Samoa Amerykańskie
3%
Sinciang
3%
Sint Eustatius
3%
Sint Maarten
3%
Tatarstan
3%
Tristan da Cunha
3%
Trydent-Górna Adyga
3%
Turks i Caicos
3%
Tuvalu
3%
Tuwa
3%
Tybetański Region Autonomiczny
3%
Udmurcja
3%
Wallis i Futuna
3%
Wojwodina
3%
Wyspa Man
3%
Wyspa Świętej Heleny
3%
Wyspa Wielkanocna
3%
Wyspa Wniebowstąpienia
3%
Wyspy Alandzkie
3%
Wyspy Cooka
3%
Nie znaleziono quizów pasujących do podanych kryteriów
Rozkład punktacji
Procent ludzi z każdym wynikiem
Percentyl według liczby udzielonych odpowiedzi
Twoja historia wyników
Nie rozwiązałeś tego quizu od ostatniego zresetowania